<?xml version="1.0" encoding="UTF-8"?>
<record
    xmlns:xsi="http://www.w3.org/2001/XMLSchema-instance"
    xsi:schemaLocation="http://www.loc.gov/MARC21/slim http://www.loc.gov/standards/marcxml/schema/MARC21slim.xsd"
    xmlns="http://www.loc.gov/MARC21/slim">

  <leader>00660cas a2200157   4500</leader>
  <controlfield tag="008">160229n                            eng u</controlfield>
  <datafield tag="022" ind1=" " ind2=" ">
    <subfield code="a">0018-7895</subfield>
  </datafield>
  <datafield tag="035" ind1=" " ind2=" ">
    <subfield code="a">(Sirsi) a195218</subfield>
  </datafield>
  <datafield tag="050" ind1=" " ind2=" ">
    <subfield code="a">Z733. H8Q8</subfield>
  </datafield>
  <datafield tag="245" ind1=" " ind2=" ">
    <subfield code="a">THE HUNTINGTON LIBRARY QUARTERLY.</subfield>
  </datafield>
  <datafield tag="260" ind1=" " ind2=" ">
    <subfield code="a">Carlifornia </subfield>
    <subfield code="b"> Huntington Library and Arts Gallery </subfield>
    <subfield code="c"> 1984.</subfield>
  </datafield>
  <datafield tag="310" ind1=" " ind2=" ">
    <subfield code="a">Quarterly.</subfield>
  </datafield>
  <datafield tag="362" ind1=" " ind2=" ">
    <subfield code="a">Vol.31, No.1, 1967 - Vol.47, No.3, 1984.</subfield>
  </datafield>
  <datafield tag="520" ind1=" " ind2=" ">
    <subfield code="a">Publishes scholarly articles with special attention to the research fields of the Huntington library collections,concentrating on the literature,history and art of the  16th to 18th centuries in Britain and America.</subfield>
  </datafield>
  <datafield tag="650" ind1=" " ind2=" ">
    <subfield code="a">Libraries.</subfield>
  </datafield>
  <datafield tag="999" ind1=" " ind2=" ">
    <subfield code="c">9963</subfield>
    <subfield code="d">9963</subfield>
  </datafield>
  <datafield tag="952" ind1=" " ind2=" ">
    <subfield code="0">0</subfield>
    <subfield code="1">0</subfield>
    <subfield code="2">lcc</subfield>
    <subfield code="4">0</subfield>
    <subfield code="7">0</subfield>
    <subfield code="a">MAIN</subfield>
    <subfield code="b">MAIN</subfield>
    <subfield code="c">SERIAL</subfield>
    <subfield code="l">0</subfield>
    <subfield code="o">Z733.H8Q8</subfield>
    <subfield code="p">78954731984</subfield>
    <subfield code="r">2019-08-12 00:00:00</subfield>
    <subfield code="t">1</subfield>
    <subfield code="w">2019-08-12</subfield>
    <subfield code="y">SERIAL</subfield>
  </datafield>
  <datafield tag="952" ind1=" " ind2=" ">
    <subfield code="0">0</subfield>
    <subfield code="1">0</subfield>
    <subfield code="2">lcc</subfield>
    <subfield code="4">0</subfield>
    <subfield code="7">0</subfield>
    <subfield code="a">MAIN</subfield>
    <subfield code="b">MAIN</subfield>
    <subfield code="c">SERIAL</subfield>
    <subfield code="l">0</subfield>
    <subfield code="o">Z733.H8Q8</subfield>
    <subfield code="p">78953111967</subfield>
    <subfield code="r">2019-08-12 00:00:00</subfield>
    <subfield code="t">2</subfield>
    <subfield code="w">2019-08-12</subfield>
    <subfield code="y">SERIAL</subfield>
  </datafield>
  <datafield tag="952" ind1=" " ind2=" ">
    <subfield code="0">0</subfield>
    <subfield code="1">0</subfield>
    <subfield code="2">lcc</subfield>
    <subfield code="4">0</subfield>
    <subfield code="7">0</subfield>
    <subfield code="a">MAIN</subfield>
    <subfield code="b">MAIN</subfield>
    <subfield code="c">SERIAL</subfield>
    <subfield code="l">0</subfield>
    <subfield code="o">Z733.H8Q8</subfield>
    <subfield code="p">78953211968</subfield>
    <subfield code="r">2019-08-12 00:00:00</subfield>
    <subfield code="t">3</subfield>
    <subfield code="w">2019-08-12</subfield>
    <subfield code="y">SERIAL</subfield>
  </datafield>
  <datafield tag="952" ind1=" " ind2=" ">
    <subfield code="0">0</subfield>
    <subfield code="1">0</subfield>
    <subfield code="2">lcc</subfield>
    <subfield code="4">0</subfield>
    <subfield code="7">0</subfield>
    <subfield code="a">MAIN</subfield>
    <subfield code="b">MAIN</subfield>
    <subfield code="c">SERIAL</subfield>
    <subfield code="l">0</subfield>
    <subfield code="o">Z733.H8Q8</subfield>
    <subfield code="p">78953131968</subfield>
    <subfield code="r">2019-08-12 00:00:00</subfield>
    <subfield code="t">4</subfield>
    <subfield code="w">2019-08-12</subfield>
    <subfield code="y">SERIAL</subfield>
  </datafield>
  <datafield tag="952" ind1=" " ind2=" ">
    <subfield code="0">0</subfield>
    <subfield code="1">0</subfield>
    <subfield code="2">lcc</subfield>
    <subfield code="4">0</subfield>
    <subfield code="7">0</subfield>
    <subfield code="a">MAIN</subfield>
    <subfield code="b">MAIN</subfield>
    <subfield code="c">SERIAL</subfield>
    <subfield code="l">0</subfield>
    <subfield code="o">Z733.H8Q8</subfield>
    <subfield code="p">78753141968</subfield>
    <subfield code="r">2019-08-12 00:00:00</subfield>
    <subfield code="t">5</subfield>
    <subfield code="w">2019-08-12</subfield>
    <subfield code="y">SERIAL</subfield>
  </datafield>
  <datafield tag="952" ind1=" " ind2=" ">
    <subfield code="0">0</subfield>
    <subfield code="1">0</subfield>
    <subfield code="2">lcc</subfield>
    <subfield code="4">0</subfield>
    <subfield code="7">0</subfield>
    <subfield code="a">MAIN</subfield>
    <subfield code="b">MAIN</subfield>
    <subfield code="c">SERIAL</subfield>
    <subfield code="l">0</subfield>
    <subfield code="o">Z733.H8Q8</subfield>
    <subfield code="p">78953411970</subfield>
    <subfield code="r">2019-08-12 00:00:00</subfield>
    <subfield code="t">6</subfield>
    <subfield code="w">2019-08-12</subfield>
    <subfield code="y">SERIAL</subfield>
  </datafield>
  <datafield tag="952" ind1=" " ind2=" ">
    <subfield code="0">0</subfield>
    <subfield code="1">0</subfield>
    <subfield code="2">lcc</subfield>
    <subfield code="4">0</subfield>
    <subfield code="7">0</subfield>
    <subfield code="a">MAIN</subfield>
    <subfield code="b">MAIN</subfield>
    <subfield code="c">SERIAL</subfield>
    <subfield code="l">0</subfield>
    <subfield code="o">Z733.H8Q8</subfield>
    <subfield code="p">78953421971</subfield>
    <subfield code="r">2019-08-12 00:00:00</subfield>
    <subfield code="t">7</subfield>
    <subfield code="w">2019-08-12</subfield>
    <subfield code="y">SERIAL</subfield>
  </datafield>
  <datafield tag="952" ind1=" " ind2=" ">
    <subfield code="0">0</subfield>
    <subfield code="1">0</subfield>
    <subfield code="2">lcc</subfield>
    <subfield code="4">0</subfield>
    <subfield code="7">0</subfield>
    <subfield code="a">MAIN</subfield>
    <subfield code="b">MAIN</subfield>
    <subfield code="c">SERIAL</subfield>
    <subfield code="l">0</subfield>
    <subfield code="o">Z733.H8Q8</subfield>
    <subfield code="p">78953431971</subfield>
    <subfield code="r">2019-08-12 00:00:00</subfield>
    <subfield code="t">8</subfield>
    <subfield code="w">2019-08-12</subfield>
    <subfield code="y">SERIAL</subfield>
  </datafield>
  <datafield tag="952" ind1=" " ind2=" ">
    <subfield code="0">0</subfield>
    <subfield code="1">0</subfield>
    <subfield code="2">lcc</subfield>
    <subfield code="4">0</subfield>
    <subfield code="7">0</subfield>
    <subfield code="a">MAIN</subfield>
    <subfield code="b">MAIN</subfield>
    <subfield code="c">SERIAL</subfield>
    <subfield code="l">0</subfield>
    <subfield code="o">Z733.H8Q8</subfield>
    <subfield code="p">78953441971</subfield>
    <subfield code="r">2019-08-12 00:00:00</subfield>
    <subfield code="t">9</subfield>
    <subfield code="w">2019-08-12</subfield>
    <subfield code="y">SERIAL</subfield>
  </datafield>
  <datafield tag="952" ind1=" " ind2=" ">
    <subfield code="0">0</subfield>
    <subfield code="1">0</subfield>
    <subfield code="2">lcc</subfield>
    <subfield code="4">0</subfield>
    <subfield code="7">0</subfield>
    <subfield code="a">MAIN</subfield>
    <subfield code="b">MAIN</subfield>
    <subfield code="c">SERIAL</subfield>
    <subfield code="l">0</subfield>
    <subfield code="o">Z733.H8Q8</subfield>
    <subfield code="p">78953221969</subfield>
    <subfield code="r">2019-08-12 00:00:00</subfield>
    <subfield code="t">10</subfield>
    <subfield code="w">2019-08-12</subfield>
    <subfield code="y">SERIAL</subfield>
  </datafield>
  <datafield tag="952" ind1=" " ind2=" ">
    <subfield code="0">0</subfield>
    <subfield code="1">0</subfield>
    <subfield code="2">lcc</subfield>
    <subfield code="4">0</subfield>
    <subfield code="7">0</subfield>
    <subfield code="a">MAIN</subfield>
    <subfield code="b">MAIN</subfield>
    <subfield code="c">SERIAL</subfield>
    <subfield code="l">0</subfield>
    <subfield code="o">Z733.H8Q8</subfield>
    <subfield code="p">78953231969</subfield>
    <subfield code="r">2019-08-12 00:00:00</subfield>
    <subfield code="t">11</subfield>
    <subfield code="w">2019-08-12</subfield>
    <subfield code="y">SERIAL</subfield>
  </datafield>
  <datafield tag="952" ind1=" " ind2=" ">
    <subfield code="0">0</subfield>
    <subfield code="1">0</subfield>
    <subfield code="2">lcc</subfield>
    <subfield code="4">0</subfield>
    <subfield code="7">0</subfield>
    <subfield code="a">MAIN</subfield>
    <subfield code="b">MAIN</subfield>
    <subfield code="c">SERIAL</subfield>
    <subfield code="l">0</subfield>
    <subfield code="o">Z733.H8Q8</subfield>
    <subfield code="p">78953211968-1969</subfield>
    <subfield code="r">2019-08-12 00:00:00</subfield>
    <subfield code="t">12</subfield>
    <subfield code="w">2019-08-12</subfield>
    <subfield code="y">SERIAL</subfield>
  </datafield>
  <datafield tag="952" ind1=" " ind2=" ">
    <subfield code="0">0</subfield>
    <subfield code="1">0</subfield>
    <subfield code="2">lcc</subfield>
    <subfield code="4">0</subfield>
    <subfield code="7">0</subfield>
    <subfield code="a">MAIN</subfield>
    <subfield code="b">MAIN</subfield>
    <subfield code="c">SERIAL</subfield>
    <subfield code="l">0</subfield>
    <subfield code="o">Z733.H8Q8</subfield>
    <subfield code="p">78953511971</subfield>
    <subfield code="r">2019-08-12 00:00:00</subfield>
    <subfield code="t">13</subfield>
    <subfield code="w">2019-08-12</subfield>
    <subfield code="y">SERIAL</subfield>
  </datafield>
  <datafield tag="952" ind1=" " ind2=" ">
    <subfield code="0">0</subfield>
    <subfield code="1">0</subfield>
    <subfield code="2">lcc</subfield>
    <subfield code="4">0</subfield>
    <subfield code="7">0</subfield>
    <subfield code="a">MAIN</subfield>
    <subfield code="b">MAIN</subfield>
    <subfield code="c">SERIAL</subfield>
    <subfield code="l">0</subfield>
    <subfield code="o">Z733.H8Q8</subfield>
    <subfield code="p">78953521972</subfield>
    <subfield code="r">2019-08-12 00:00:00</subfield>
    <subfield code="t">14</subfield>
    <subfield code="w">2019-08-12</subfield>
    <subfield code="y">SERIAL</subfield>
  </datafield>
  <datafield tag="952" ind1=" " ind2=" ">
    <subfield code="0">0</subfield>
    <subfield code="1">0</subfield>
    <subfield code="2">lcc</subfield>
    <subfield code="4">0</subfield>
    <subfield code="7">0</subfield>
    <subfield code="a">MAIN</subfield>
    <subfield code="b">MAIN</subfield>
    <subfield code="c">SERIAL</subfield>
    <subfield code="l">0</subfield>
    <subfield code="o">Z733.H8Q8</subfield>
    <subfield code="p">78953531972</subfield>
    <subfield code="r">2019-08-12 00:00:00</subfield>
    <subfield code="t">15</subfield>
    <subfield code="w">2019-08-12</subfield>
    <subfield code="y">SERIAL</subfield>
  </datafield>
  <datafield tag="952" ind1=" " ind2=" ">
    <subfield code="0">0</subfield>
    <subfield code="1">0</subfield>
    <subfield code="2">lcc</subfield>
    <subfield code="4">0</subfield>
    <subfield code="7">0</subfield>
    <subfield code="a">MAIN</subfield>
    <subfield code="b">MAIN</subfield>
    <subfield code="c">SERIAL</subfield>
    <subfield code="l">0</subfield>
    <subfield code="o">Z733.H8Q8</subfield>
    <subfield code="p">78953541972</subfield>
    <subfield code="r">2019-08-12 00:00:00</subfield>
    <subfield code="t">16</subfield>
    <subfield code="w">2019-08-12</subfield>
    <subfield code="y">SERIAL</subfield>
  </datafield>
</record>
